000 00797nam a2200169 i 4500
001 183830
003 ES-MaACL
005 20240305181241.0
008 141022s1822 sp l |||| | spa d
245 0 0 _aProyecto de reglamento general de primera enseñanza, que se ha de observar en todas las escuelas de primeras letras de la monarquía española
_b: aprobado interinamente por el gobierno, a propuesta de la Dirección General de Estudios, conforme a lo acordado por las Cortes en 29 de junio próximo.
260 _aMadrid :
_b[s.n.],
_c1822 (
_fImp. de Mateo Repullés)
300 _a15 p. ;
_c21 cm.
650 7 _aEnseñanza primaria-
_zEspaña-
_yS.XIX
_2
_9165207
710 2 _aEspaña.
_bDirección General de Estudios.
_9155751
852 _aES-MaACL
_jT-585-F-5
999 _c183830
_d183830